highest grossing true-story movies - Statistics

General Stats
  • This quiz has been taken 19 times
  • The average score is 8 of 15
Answer Stats
year starring gross film % Correct
2023 Cillian Murphy $975 million Oppenheimer
100%
1965 Julie Andrews $1.33 billion The Sound of Music
89%
2018 Rami Malek $910 million Bohemian Rhapsody
78%
1962 Peter O'Toole $519 million Lawrence of Arabia
78%
1963 Elizabeth Taylor $629 million Cleopatra
72%
1998 Tom Hanks $429 million Saving Private Ryan
61%
1970 George C. Scott $373 million Patton
56%
1973 Robert Redford $835 million The Sting
56%
2014 Bradley Cooper $403 million American Sniper
44%
1968 Barbra Streisand $375 million Funny Girl
44%
1969 Paul Newman $661 million Butch Cassidy & the Sundance Kid
39%
1986 Willem Dafoe $332 million Platoon
39%
1995 Kevin Bacon $373 million Apollo 13
33%
1941 Gary Cooper $450 million Sergeant York
28%
1979 Margot Kidder $322 million The Amityville Horror
11%
No matching quizzes found
Score Distribution
Percent of People with Each Score
Percentile by Number Answered
Your Score History
You have not taken this quiz